| 000 | 00469nam a22001937a 4500 | ||
|---|---|---|---|
| 003 | OSt | ||
| 005 | 20180116183009.0 | ||
| 008 | 150825b xxu||||| |||| 00| 0 eng d | ||
| 020 | _a9780586214640 | ||
| 040 | _c0 | ||
| 082 | _a813.54 HAN 1992 | ||
| 100 | _aJohn Hands | ||
| 245 |
_aPerestroika Ghristi _cJohn Hands |
||
| 260 |
_aGreat Britain _bGrafton _c1992 |
||
| 300 |
_a476 p. _bPB |
||
| 440 | _aPerestroika Ghrist | ||
| 600 | _aJohn Hands | ||
| 942 |
_2ddc _cBK |
||
| 999 |
_c350170 _d350170 |
||